Zmeny v povinnosti zamestnávateľa zamestnávať občanov so zdravotným postihnutím
1. apríla 2008 sa NR SR uzniesla na zákone č. 139/2008 Z.z., ktorým sa mení a dopĺňa zákon č. 5/2004 Z.z. o službách zamestnanosti. Podľa tejto novely sa postupuje už za celý kalendárny rok 2008.
Saved in:
| Main Author: | |
|---|---|
| Format: | Book Chapter |
| Language: | Slovak |
| Subjects: | |
| Tags: |
No Tags, Be the first to tag this record!
|
MARC
| LEADER | 00000naa$a2200000$$$4500 | ||
|---|---|---|---|
| 001 | 0092260 | ||
| 005 | 20231114100451.7 | ||
| 041 | 0 | |a slo | |
| 044 | |a SK | ||
| 245 | 1 | 0 | |a Zmeny v povinnosti zamestnávateľa zamestnávať občanov so zdravotným postihnutím |c Ján Matlák |
| 520 | |a 1. apríla 2008 sa NR SR uzniesla na zákone č. 139/2008 Z.z., ktorým sa mení a dopĺňa zákon č. 5/2004 Z.z. o službách zamestnanosti. Podľa tejto novely sa postupuje už za celý kalendárny rok 2008. | ||
| 610 | 2 | 0 | |a zamestnávatelia |
| 610 | 2 | 0 | |a zamestnanci |
| 610 | 2 | 0 | |a invalidi |
| 610 | 2 | 0 | |a zákony |
| 610 | 2 | 0 | |a novelizácia |
| 610 | 2 | 0 | |a Slovensko |
| 610 | 2 | 0 | |a 2004-2008 |
| 100 | 1 | |a Matlák, Ján | |